[Event "Sandnes Hast op"]
[Site "Sandnes"]
[Date "2014.09.02"]
[Round "1"]
[White "Eriksen, Matias Grude"]
[Black "Narheim, Mats"]
[Result "0-1"]
[WhiteElo "868"]
[BlackElo "915"]
[PlyCount "112"]
[EventDate "2014.09.02"]
[EventType "swiss"]
[EventRounds "7"]
[EventCountry "NOR"]
[SourceTitle "EXT 2017"]
[Source "ChessBase"]
[SourceDate "2016.10.25"]
[SourceVersion "1"]
[SourceVersionDate "2016.10.25"]
[SourceQuality "1"]

1. d4 Nf6 2. c4 e6 3. e3 b6 4. Nf3 Bb7 5. Be2 c5 6. Nc3 Be7 7. d5 0-0 8. d6 Nc6 9. dxe7 Nxe7 10. Qc2 Qc7 11. e4 d5 12. e5 Nd7 13. Bf4 Ng6 14. Qd2 d4 15. Nb5 Qb8 16. Nd6 f6 17. Nxb7 Qxb7 18. exf6 Rxf6 19. Bg5 Rf7 20. h4 Raf8 21. Rh3 e5 22. h5 Nf4 23. Bxf4 Rxf4 24. h6 g6 25. Ng5 Qxg2 26. Bf1 Qxg5 27. 0-0-0 Qf5 28. Qd3 e4 29. Qg3 Ne5 30. Rh2 Rf3 31. Bh3 Qf4+ 32. Qxf4 R8xf4 33. Be6+ Kf8 34. Re1 Nd3+ 35. Kd1 Nxe1 36. Kxe1 e3 37. Bd5 exf2+ 38. Kf1 Re3 39. Rxf2 Rxf2+ 40. Kxf2 Re7 41. Kf3 d3 42. Kf2 d2 43. Bf3 Rf7 44. Ke2 Rxf3 45. Kxd2 g5 46. Ke2 Rf7 47. Ke3 g4 48. a3 g3 49. b4 g2 50. bxc5 bxc5 51. Ke4 g1Q 52. a4 Qg5 53. a5 Rf4+ 54. Kd3 Qg3+ 55. Ke2 Rf2+ 56. Ke1 Qg1# 0-1